Statistics for Countries with Higher Peaks than their Neighbors

Click here to take the quiz!

General Stats

  • This quiz has been taken 64 times
    (41 since last reset)
  • The average score is 10 of 15

Answer Stats

CountryHighest peak elevation% Correct
China/Nepal8,848 m
100%
France/Italy4,810 m
97%
United States6,190 m
97%
Argentina6,962 m
95%
Dominican Republic3,098 m
84%
Tanzania5,895 m
81%
United Kingdom1,344 m
81%
Indonesia4,884 m
73%
Costa Rica3,820 m
65%
Morocco4,167 m
65%
Yemen3,666 m
57%
Cameroon4,040 m
49%
Lesotho3,482 m
43%
Lebanon3,088 m
32%
Sierra Leone1,945 m
24%

Score Distribution

Percentile by Number Answered

Percent of People with Each Score

Your Score History

You have not taken this quiz since the last reset